000
00305nam a2200133Ia 4500
008
150301s2013 xx 000 0 und d
082
_a
651.3
_b
AND
100
_a
ANDREWS, SUDHIR
245
_a
HOTEL FRONT OFFICE
250
_a
3RD
260
_b
MC. GREW HILL EDU.
_c
2013
300
_a
374
942
_2
ddc
_c
BK
999
_c
7027
_d
7027